00637cam a2200217 a 45000010005000000030008000050050017000130080039000300350018000690400018000870410008001050820026001131000035001391100014001742450087001882600044002753000025003196100014003446500035003587000026003937761BD-RjUL20211208234453.0160804s1965 pk l 000 0 eng a(BD-RjUL)7805 aDLCcDLCbeng aeng a346.5491059bCHT 1965 aCHOUDHRY, A.M.q A.M. CHOUDHRY1 aPakistan.14aThe Trusts Act, 1882 :bAct no. II of 1882 /c[compiled by], Muhammad Abdul Basit. aRawalpindi :bFederal Law House,c2011. axx, 220 p. ;c23 cm.10aPakistan. 0aTrusts and trusteeszPakistan.1 aBasit, Mohammad Abdul